Vplyv starnutia populácie na ponuku a dopyt na poistnom trhu diplomová práca

Gespeichert in:
Bibliographische Detailangaben
1. Verfasser: Cintulová, Lucia
Körperschaft: Národohospodárska fakulta EU. Katedra poisťovníctva
Weitere Verfasser: Brokešová, Zuzana, 1985-
Format: Buch
Sprache:Slowakisch
Veröffentlicht: Bratislava 2018
Tags: Tag hinzufügen
Keine Tags, Fügen Sie das erste Tag hinzu!

MARC

LEADER 00000nbm a2200000 4500
001 0244410
005 20181114080920.5
041 0 |a slo 
044 |a SK 
245 1 0 |a Vplyv starnutia populácie na ponuku a dopyt na poistnom trhu  |b diplomová práca  |c Lucia Cintulová ; školiteľ: Zuzana Brokešová 
264 1 |a Bratislava  |c 2018 
300 |a 79 s. 
100 1 |a Cintulová, Lucia 
700 1 |a Brokešová, Zuzana, 1985- 
710 2 |a Národohospodárska fakulta EU. Katedra poisťovníctva